Normal view
MARC view
Entry Personal Name
001 - CONTROL NUMBER
- control field: 11453
003 - CONTROL NUMBER IDENTIFIER
- control field: ARRUPE
005 - DATE AND TIME OF LATEST TRANSACTION
- control field: 20140923111142.0
008 - FIXED-LENGTH DATA ELEMENTS
- fixed length control field: 140923|| aca||aabn | a|a d
040 ## - CATALOGING SOURCE
- Original cataloging agency: ARRUPE
- Transcribing agency: ARRUPE
100 ## - HEADING--PERSONAL NAME
- Personal name: Moberly, Elizabeth R.
670 ## - SOURCE DATA FOUND
- Source citation: Work cat.: (ARRUPE)0: Moberly, Elizabeth R., Psychogenesis, the early development of gender identity /, 1983.